| 000 | 00878nam a22002897a 4500 | ||
|---|---|---|---|
| 003 | CHAP | ||
| 005 | 20220329142315.0 | ||
| 008 | 000606d1998 us a r 00110 eng d | ||
| 010 | _a81397 | ||
| 011 | _a82369 | ||
| 020 | _a0881924628 | ||
| 035 | _a92861 | ||
| 040 | _cCHAP | ||
| 082 | 0 | 4 |
_a635.933166 _bT7 |
| 100 | 0 | 0 |
_aTrehane, Jennifer. _9114739 |
| 245 | 1 | 0 |
_aCamellias : _bthe complete guide to their cultivation and use _c/by Jennifer Trehane |
| 260 |
_aPortland, Oregón : _bTimber, _c1998. |
||
| 300 |
_a176 p. : _bilus. |
||
| 590 |
_aBATCH-UPD _b10 _c20130110 _lUCH01 _h0703 |
||
| 590 |
_aCONVERSION _b10 _c20130109 _lUCH01 _h1345 |
||
| 650 | 1 | 4 |
_aCamellia. _917827 |
| 650 | 1 | 4 |
_aCamellia _xHistoria. _917829 |
| 901 | _aBK | ||
| 905 | _aAlejandra Carrasco M. | ||
| 942 | _cLIBRO | ||
| 949 |
_a635.933166 T7 _bBC _cC _d33724000783130 _eC _gI.203131 _h98153 _i92861 _sex _t$531. |
||
| 999 |
_c81397 _d81397 |
||